000 00722nam a2200229 u 4500
005 20240228064117.0
008 130212s2006 r 000 0 eng d
020 _a8478717358
035 _aUPN01000189561
049 _aI
050 4 _aPR6063 A9.3
_bC3.7
100 1 _aMayhew, James,
_d1964-
_933625
245 1 0 _aCarlota y la princesa española /
_cJames Mayhew ; tr. Raquel Mancera.
260 _aBarcelona, Esp. :
_bRBA,
_c2006.
300 _a[30] p. :
_bil. col.
534 _pTítulo original:
_tKatie and the spanish princess
650 0 _aLiteratura infantil inglesa
_911046
650 2 _aArte y literatura
_92736
650 4 _aLibros y lectura para niños
_92290
905 _aInfantil
999 _c161664
_d161664